Регионална библиотека "Любен Каравелов" - Русе

Един храм, един некропол, две религиозни общности (Запис номер 153876)

MARC детайли
000 -Лидер
Контролно поле с фиксирана дължина 02174nam a2200445 c 4500
003 - Код на организацията, давaща контролен номер
Контролно поле BLK
005 - Дата и час на последна редакция
Контролно поле 20231108135908.0
008 - Елементи от данни с фиксирана дължина
fixed length control field 180410b bul|||||r ||||||| ||bul||
010 ## - Наследен системен номер
LC control number KNG00160441000
020 ## - Международен стандартен номер на книга ISBN
Международен стандартен номер на книга ISBN 978-954-400-707-2
-- издат.: Фабер
040 ## - Източник на каталожния запис
Идентификатор на билиотеката - собственик на записа BLK
041 ## - Код за език
Код за езика на текст/звукозапис или на отделно заглавие Български
Код за езика КДБФ Български
Други езици Английски
080 ## - УДК
Текстов определител УДК Паметници на културата на историческите периоди. Археологическите паметници. Старини
УДК код - определител по УДК 904
УДК определител (497.216)
УДК - код + определител 904(497.216)
100 ## - Редна дума - Автор
Автор Вачев, Хитко Стефанов
R(LIN) 296081
139 ## - Редно поле
Редна дума Вачев, Хитко Стефанов
Авторски знак Вач - В 31
245 10 - Сведения за заглавието
Заглавие Един храм, един некропол, две религиозни общности
Подзаглавни данни Археол. проучвания на католическия и арменски храм Успение на Св. Богородица
Редно поле (дума) Хитко Стефанов Вачев; ред. Валентин Георгиев Плетньов; прев. Мая Иванова Мичева.
246 11 - Различни форми на заглавието
Паралелно заглавие One church, one necropolis, two religious communities
257 ## - Страна на издаване
Страна на създаване/издаване България
260 ## - Област на издателските данни
-- В. Търново
Име на издателя, разпространителя и проч. Фабер
Година на издаване 2012
300 ## - Физическа характеристика
Страници 220 с.
Илюстрации и др. с цв. ил., факс.
Размери/Мащаб 25 см
380 ## - Жанр
Жанр История
500 ## - Общи забележки
Забележка Библиогр. с. 184-188. - Рез. на англ. ез.
650 #4 - Допълнително описание по предмет – тема
Основно описание – тема или топоним Велико Търново
9 (RLIN) 178697
650 #4 - Допълнително описание по предмет – тема
Основно описание – тема или топоним Археологически паметници
9 (RLIN) 243363
651 #4 - Допълнително описание по предмет - топоним
Географско понятие Велико Търново
9 (RLIN) 178697
651 #4 - Допълнително описание по предмет - топоним
Географско понятие България
9 (RLIN) 241624
653 ## - Ключова дума – ненормативна
Ключова дума Велико Търново
653 ## - Ключова дума – ненормативна
Ключова дума археологически паметници
653 ## - Ключова дума – ненормативна
Ключова дума църкви
653 ## - Ключова дума – ненормативна
Ключова дума некрополи
700 1# - Други автори (авторска отговорност)
Лично име Плетньов, Валентин Георгиев
Автороска отговорност (Описва отношението между автора и произведението) ред.
9 (RLIN) 375268
700 1# - Други автори (авторска отговорност)
Лично име Мичева, Мая Иванова
Автороска отговорност (Описва отношението между автора и произведението) прев.
9 (RLIN) 332229
720 ## - Неконтролирано име
Паралелен автор Hitko Vachev
Ключова дума за отношение (Описва отношението между автора и произведението) паралелен автор
852 ## - Местоположение
Форматна сигнатура Цб 268611
856 4# - Електронен адрес и достъп
Електронен формат pdf - файл
Път до файла /url/
856 4# - Електронен адрес и достъп
Електронен формат pdf - файл
Път до файла /url/
942 ## - АРТИКУЛИ
Вид на библиотечния материал Книги
Скрит в OPAC Не
Koha issues (borrowed), all copies 2
944 ## - СЪЗДАВАНЕ И РЕДАКЦИЯ на ЗАПИСА
Създаване/Редакция Създаване
Дата на регистрацията/редакция 09.05.2014
Статус, дата на статуса Кети Илиева
Служител, извършил регистрацията/редакцията 30550
944 ## - СЪЗДАВАНЕ И РЕДАКЦИЯ на ЗАПИСА
Създаване/Редакция Редакция
Дата на регистрацията/редакция 14.04.2015
Статус, дата на статуса ф /
Служител, извършил регистрацията/редакцията Людмила_Стоянова
999 ## - СИСТЕМНИ КОНТРОЛНИ НОМЕРА
Koha biblionumber 153876
Koha biblioitemnumber 153876
Наличности
Код за отписване Код за изгубен артикул Код за повреда Коз за рестрикции Код за отдаване Артикулен № Име на библиотеката - собственик Име на библиотеката, в която се намира в момента Статус (Текущо местоположение) Дата на вписване в системата Местоположение - отдел Цена в лева Инвентарен номер Систематично азбучна сигнатура Баркод Номер на екземпляра Цена в евро Служебна бележка Служебен тип на артикула
  Не е изгубен Не е повреден без рестрикции ползва се в читалня 257987 Регионална библиотека "Любен Каравелов" Русе Регионална библиотека "Любен Каравелов" Русе Хранилище 2014-05-09 Хранилище 13.00 120000777119 Цб 268611 120000777119 1 6.65 Дост: Dp Вид: Д N: 25 Дата: 10.06.2013 Книги
  Не е изгубен Не е повреден без рестрикции заемане за дома 257988 Регионална библиотека "Любен Каравелов" Русе Регионална библиотека "Любен Каравелов" Русе Заемна - подръчен фонд 2015-02-20 Заемна - подръчен фонд 13.00 120000785582 П 904/В 31 120000785582 2 6.65 Дост: DA Вид: А N: 5 Дата: 20.02.2015 Дата инв: 07.02.2018 Бележки инв: П2018 Книги
Vip Innovations Ltd, Rousse, Bulgaria 2025